000 01369nam a2200325 i 4500
003 EG-GICUC
005 20260121101219.0
008 251113s1998 ua ||||f |||| 00| 0 ara d
017 _a98/8105
020 _a9770423491
040 _a EG-GICUC
_bara
_c EG-GICUC
_d EG-GICUC
_erda
041 _aara
082 0 4 _221
_a345
_bم ح . ن
092 0 4 _221
099 _alaw1 07 345 م ح . ن 1998
100 0 _aمحمد فرغلي محمد علي
_eمؤلف.
245 _aنظم و اجراءات إنتخاب أعضاء المجالس المحلية في ضوء القضاء و الفقه :
_bدراسة تأصيلية و تطبيقية لنظام الأنتخاب المحلي في مصر و دول الغرب /
_cدكتور محمد فرغلي محمد علي
264 _aالقاهرة :
_bدار النهضة العربية ,
_c1998.
300 _a930 صفحة
_c24 سم
336 _2rda content
_atext
337 _2rda media
_aComputer
338 _2rda carrier
_aOnline Resource
504 _a. 903 -874 ببليوجرافيا: صفحات.
546 _aالنص أغلبه باللغة العربية بعض النصوص الإنجليزية والفرنسية
650 1 _aالقانون الإداري
_2qrmak
651 1 _2qrmak
856 4 0 _uhttps://fll.law.cu.edu.eg/fulltext/bks/B07-00670.pdf
905 _a74
942 _2ddc
_n0
_cBK
_e21
999 _c43155
_d43155